[Event "Gibraltar Masters 2017"]
[Site "masterchessopen.com Caleta ENG"]
[Date "2017.01.30"]
[Round "7.94"]
[White "Lopez Mulet,Inigo"]
[Black "Korning,Peter"]
[Result "1-0"]
[WhiteElo "2304"]
[BlackElo "2080"]

1. d4 d5 2. c4 e6 3. g3 c5 4. cxd5 exd5 5. Nf3 Nc6 6. Bg2 Nf6 7. O-O Be7 8.
dxc5 Bxc5 9. a3 Ne4 10. b4 Be7 11. Bb2 O-O 12. Nbd2 Bf6 13. Bxf6 Qxf6 14. Nb3
Nc3 15. Qd2 a5 16. e3 axb4 17. axb4 Ne4 18. Qxd5 Rxa1 19. Nxa1 Nc3 20. Qc5 Rd8
21. b5 Rd5 22. Qc4 Rxb5 23. Nd4 {#r} 1-0

[Event "PRO League Eastern 2017"]
[Site "masterchessopen.com chess.com INT"]
[Date "2017.02.01"]
[Round "4"]
[White "Kaasen,Tor Fredrik"]
[Black "Gorozhanin,M"]
[Result "0-1"]
[WhiteElo "2468"]
[BlackElo "2408"]

1. Nf3 d5 2. d4 c6 3. c4 e6 4. e3 Nd7 5. Nbd2 f5 6. Bd3 Qf6 7. O-O Bd6 8. b3
Nh6 9. Bb2 O-O 10. a4 Bb8 11. b4 g5 12. Ne1 g4 13. g3 Qg7 14. b5 Nf6 15. a5 a6
16. Ba3 Re8 17. bxc6 bxc6 18. Rb1 Bc7 19. Qa4 Bd7 20. Bc5 Reb8 21. Ng2 Nf7 22.
Nf4 Ng5 23. Rfc1 Nfe4 24. Bxe4 fxe4 25. Qa3 Bxf4 26. exf4 Nf3+ 27. Nxf3 gxf3
28. Rxb8+ Rxb8 29. Kf1 Qg4 30. Ke1 Qh3 31. Kd2 dxc4 32. Bb6 Qf5 33. Qd6 e3+
34. Kc3 Qd3+ 35. Kb2 Qb3+ 36. Ka1 Rxb6 37. axb6 c3 38. Rxc3 Qxc3+ 39. Ka2 Qa5+
40. Kb3 Qxb6+ 41. Kc2 Qd8 42. fxe3 f2 {#R} 0-1

[Event "PRO League Pacific 2017"]
[Site "masterchessopen.com chess.com INT"]
[Date "2017.02.01"]
[Round "4"]
[White "Gareev,T"]
[Black "Erenburg,S"]
[Result "0-1"]
[WhiteElo "2617"]
[BlackElo "2570"]

1. d4 d5 2. c4 c6 3. Nf3 Nf6 4. Nbd2 Bf5 5. Nh4 Bc8 6. e3 e6 7. Nhf3 c5 8. a3
cxd4 9. Nxd4 Be7 10. cxd5 Nxd5 11. Be2 O-O 12. N2f3 b6 13. e4 Nf6 14. e5 Nd5
15. O-O Bb7 16. Re1 Nd7 17. Bd3 Rc8 18. b4 a5 19. bxa5 bxa5 20. Bd2 Nc5 21.
Bb5 Qb6 22. Rb1 Qa7 23. a4 Rfd8 24. Qe2 Nb4 25. Red1 Qa8 26. Bxb4 axb4 27. Nb3
Ne4 28. Rxd8+ Rxd8 29. Rd1 Nc3 30. Rxd8+ Qxd8 31. Qd2 Bd5 32. Nfd4 Qa8 33. f3
Nxa4 34. Qa2 Nc3 35. Qxa8+ Bxa8 36. Bc6 Ne2+ 37. Nxe2 Bxc6 38. Ned4 Bd5 39.
Kf2 f6 40. exf6 Bxf6 41. f4 Bxd4+ {#R} 0-1

[Event "TCh-LTU 2017"]
[Site "masterchessopen.com Lithuania LTU"]
[Date "2017.01.29"]
[Round "2.3"]
[White "Grabliauskas,V"]
[Black "Pultinevicius,Paulius"]
[Result "0-1"]
[WhiteElo "2367"]
[BlackElo "2391"]

1. d4 Nf6 2. c4 e6 3. Nf3 d5 4. Bg5 Bb4+ 5. Nbd2 dxc4 6. Qa4+ Nc6 7. e3 Bd7 8.
Qc2 b5 9. a4 a6 10. Be2 Be7 11. O-O O-O 12. e4 h6 13. Be3 Nb4 14. Qb1 c5 15.
h3 cxd4 16. Nxd4 e5 17. N4f3 Bd6 18. Rc1 Bc6 19. Nh4 Re8 20. Nf5 Bf8 21. Rc3
Bd7 22. Ng3 Nc6 23. Nf3 Bb4 24. Rc2 Na5 25. axb5 axb5 26. Nd2 Qe7 27. Bf1 Be6
28. Ne2 Bxd2 29. Rxd2 Nb3 30. Rxa8 Rxa8 31. Rd1 Ra1 32. Qc2 Rxd1 33. Qxd1 Nxe4
34. f3 Nd6 35. g4 b4 36. Qe1 Nb5 37. Qf2 c3 38. Ng3 N5d4 39. bxc3 bxc3 40. f4
c2 41. fxe5 Qc7 42. Nf5 Bxf5 43. gxf5 Qxe5 {#R} 0-1

[Event "Gibraltar Masters 2017"]
[Site "masterchessopen.com Caleta ENG"]
[Date "2017.01.30"]
[Round "7.55"]
[White "Lombaers,P"]
[Black "Bellahcene,B"]
[Result "1-0"]
[WhiteElo "2314"]
[BlackElo "2493"]

1. d4 d5 2. c4 e6 3. Nc3 c6 4. Nf3 dxc4 5. a4 Bb4 6. e3 b5 7. Bd2 a5 8. axb5
Bxc3 9. Bxc3 cxb5 10. b3 Bb7 11. bxc4 b4 12. Bb2 Nf6 13. Bd3 O-O 14. O-O Nbd7
15. Nd2 Qc7 16. Bc2 Nb6 17. c5 Nbd7 18. Nc4 Rfd8 19. Nd6 Bc6 20. e4 Ne8 21. e5
Nxd6 22. exd6 Qb7 23. d5 Bxd5 24. Re1 Nf8 25. Qg4 f5 26. Qg5 Rd7 27. Ba4 Rf7
28. Rec1 Rc8 29. f3 Qa8 30. Qe3 Bc6 31. Qd3 Ra7 32. Qd4 Rb8 33. Bxc6 Qxc6 34.
Rxa5 Rf7 35. Qd3 Nd7 36. Qc4 Rc8 37. Qxe6 Nb8 38. Ra7 Nd7 39. Ra5 Nb8 40. Ra7
Nd7 41. Bd4 Rb8 42. Rxd7 Qxd7 43. Qxd7 Rxd7 44. c6 {#r} 1-0

[Event "Gibraltar Masters 2017"]
[Site "masterchessopen.com Caleta ENG"]
[Date "2017.01.31"]
[Round "8.65"]
[White "Cordes,HJ"]
[Black "Vega Gutierrez,S"]
[Result "0-1"]
[WhiteElo "2242"]
[BlackElo "2406"]

1. d4 d5 2. c4 e6 3. Nc3 c6 4. Nf3 dxc4 5. a4 Bb4 6. e3 b5 7. Bd2 a5 8. axb5
Bxc3 9. Bxc3 cxb5 10. b3 Bb7 11. bxc4 b4 12. Bb2 Nf6 13. Bd3 O-O 14. O-O Nbd7
15. Nd2 Qc7 16. e4 e5 17. f4 exd4 18. e5 Nc5 19. exf6 Nxd3 20. Qg4 g6 21. Bxd4
Rfd8 22. Qg5 Qd6 23. Nb3 a4 24. Be5 Nxe5 25. fxe5 Qc6 26. e6 axb3 27. Rae1
Qxg2+ 28. Qxg2 Bxg2 29. Kxg2 fxe6 30. Rxe6 Rd2+ 31. Kg3 Rd3+ 32. Kf4 Rc3 33.
Ke5 Re3+ 34. Kd5 Rd8+ {#R} 0-1

[Event "22nd HIT Open 2017"]
[Site "masterchessopen.com Nova Gorica SLO"]
[Date "2017.01.30"]
[Round "6.16"]
[White "Janzelj,Lara"]
[Black "Riccobon,Elia"]
[Result "1-0"]
[WhiteElo "2106"]
[BlackElo "2003"]

1. d4 d5 2. c4 e6 3. Nc3 c6 4. Nf3 Bd6 5. e4 dxe4 6. Nxe4 Bb4+ 7. Bd2 Bxd2+ 8.
Qxd2 Nf6 9. Bd3 O-O 10. O-O Nbd7 11. Rfe1 Nxe4 12. Bxe4 Nf6 13. Bc2 Qc7 14.
Qg5 b6 15. Ne5 c5 16. Qh4 cxd4 17. Ng4 h5 18. Nxf6+ gxf6 19. Qxf6 Qd8 20. Qf3
Bd7 21. Qxh5 f5 22. Qg6+ Kh8 23. Rad1 Qh4 24. Qg3 Qxg3 25. hxg3 f4 26. g4 e5
27. Rxe5 Bxg4 28. f3 Bd7 29. Rxd4 Rf7 30. Rh5+ Kg8 31. Be4 Re8 32. Bd5 Be6 33.
Re4 Rfe7 34. Rhe5 Kf7 35. Rxf4+ Kg6 36. Rfe4 {#r} 1-0

[Event "25th Fajr Open 2017"]
[Site "masterchessopen.com Sareyn IRI"]
[Date "2017.02.02"]
[Round "8.2"]
[White "Omidi,Arya"]
[Black "Korneev,O"]
[Result "1-0"]
[WhiteElo "2313"]
[BlackElo "2598"]

1. d4 d5 2. c4 e6 3. Nc3 c6 4. e4 dxe4 5. Nxe4 Bb4+ 6. Nc3 c5 7. Nf3 Nf6 8.
Be3 O-O 9. Be2 cxd4 10. Nxd4 Ne4 11. Qc2 Nxc3 12. bxc3 Be7 13. O-O Nd7 14.
Rfd1 a6 15. Qe4 Nc5 16. Qe5 Bd6 17. Qh5 g6 18. Qh6 Qc7 19. Nf3 f6 20. Nh4
Bxh2+ 21. Kh1 Be5 22. Nxg6 hxg6 23. Bxc5 Qg7 24. Bxf8 Kxf8 25. Rd8+ Kf7 26.
Qh3 f5 27. Rad1 Bf6 28. c5 Bxd8 29. Rxd8 g5 30. Qh5+ Kf6 31. Qe8 Bd7 32. Qxd7
Qxd7 33. Rxd7 Rc8 34. Rxb7 Rxc5 35. Bxa6 Rxc3 36. a4 Ra3 37. Bb5 g4 38. g3 e5
39. Ra7 f4 40. a5 fxg3 41. fxg3 Rxg3 42. a6 e4 43. Rc7 Ra3 44. a7 e3 45. Rc6+
Ke5 46. Ra6 {#r} 1-0

[Event "PRO League Central 2017"]
[Site "masterchessopen.com chess.com INT"]
[Date "2017.02.01"]
[Round "4"]
[White "Villegas,P"]
[Black "Svane,R"]
[Result "0-1"]
[WhiteElo "2363"]
[BlackElo "2560"]

1. d4 d5 2. c4 e6 3. Nc3 Bb4 4. e3 Nf6 5. a3 Bxc3+ 6. bxc3 c6 7. a4 O-O 8. Ba3
Re8 9. Nf3 b6 10. cxd5 cxd5 11. Bb5 Bd7 12. O-O Qc7 13. Qb3 Nc6 14. Rfc1 Na5
15. Qb4 Bxb5 16. axb5 Ne4 17. Ne5 Rec8 18. Bb2 f6 19. Nf3 Qd6 20. Ra4 Rc4 21.
Qxd6 Nxd6 22. Rxc4 Naxc4 23. Ba1 Nxb5 24. Kf1 Kf7 25. Ke2 a5 26. Ne1 e5 27.
Nd3 e4 28. Nf4 Nc7 29. Kd1 g5 30. Ne2 Ne6 31. Rb1 f5 32. g3 Rb8 33. Nc1 f4 34.
exf4 gxf4 35. Ne2 f3 36. Nc1 Re8 37. Nb3 Ng5 38. Nd2 Nh3 {#R} 0-1

[Event "Turkish Cup 2017"]
[Site "masterchessopen.com Antalya TUR"]
[Date "2017.02.04"]
[Round "11.14"]
[White "Tanriverdi,Enes"]
[Black "Yilmaz,Goktan"]
[Result "1-0"]
[WhiteElo "2071"]
[BlackElo "2165"]

1. d4 d5 2. c4 e6 3. Nc3 Nf6 4. cxd5 exd5 5. Bg5 Be7 6. Qc2 c6 7. e3 Nbd7 8.
Nf3 O-O 9. Bd3 Re8 10. h3 Nf8 11. O-O-O Be6 12. Kb1 Qa5 13. Rc1 Rac8 14. Qd2
Qd8 15. Ne5 N6d7 16. Bxe7 Qxe7 17. f4 Nxe5 18. dxe5 Red8 19. Qf2 b5 20. Rhf1
Bd7 21. e4 b4 22. Na4 Be8 23. Nc5 Ne6 24. Nb3 dxe4 25. Bc4 Nf8 26. Nc5 Nd7 27.
Nxe4 Nb6 28. Bb3 Nd5 29. Rfd1 Ra8 30. Qg3 Kh8 31. Ka1 a5 32. f5 f6 33. Bxd5
Rxd5 34. exf6 gxf6 35. Qf4 Bf7 36. Re1 Re8 37. Qh6 Bg8 38. Nxf6 Qxe1 39. Nxe8
Qe5 40. f6 Rd7 41. Qg7+ Rxg7 {#r} 1-0

[Event "PRO League Pacific 2017"]
[Site "masterchessopen.com chess.com INT"]
[Date "2017.02.01"]
[Round "4"]
[White "Lehmann,Spencer G"]
[Black "Haessler,C"]
[Result "1-0"]
[WhiteElo "2040"]
[BlackElo "2139"]

1. d4 d5 2. c4 e6 3. Nc3 Nf6 4. cxd5 exd5 5. Bg5 Nbd7 6. e3 Be7 7. Bd3 O-O 8.
Nge2 c6 9. Qc2 Re8 10. O-O Ne4 11. Bf4 f5 12. Nxd5 Bd6 13. Ndc3 Ndf6 14. Nxe4
fxe4 15. Bc4+ Kh8 16. Rad1 Bg4 17. Bxd6 Qxd6 18. h3 Bh5 19. Rd2 g5 20. Ng3 Bg6
21. d5 Rad8 22. Rfd1 c5 23. Qc3 h5 24. Be2 Kh7 25. Nf1 Re5 26. Qa5 a6 27. Rc1
b5 28. a4 g4 29. h4 bxa4 30. Rxc5 Rxd5 31. Rcxd5 Nxd5 32. Qxa4 Qe7 33. Qxa6
Nf4 34. exf4 Rxd2 35. Nxd2 e3 36. Nf1 exf2+ 37. Kxf2 Qxh4+ 38. g3 Qf6 39. Qb7+
Kh6 40. Qb6 Qf5 41. Qe3 Kh7 42. Qe7+ Kh6 43. Qg5+ Qxg5 44. fxg5+ Kxg5 45. b4
Kf5 46. Bd3+ Kg5 47. Bxg6 Kxg6 48. b5 {#r} 1-0

[Event "TCh-CAT Gp1 2017"]
[Site "masterchessopen.com Barcelona ESP"]
[Date "2017.01.28"]
[Round "2.8"]
[White "Llopis de Aysa,M"]
[Black "Pinsach Gelabert,A"]
[Result "0-1"]
[WhiteElo "2130"]
[BlackElo "2067"]

1. d4 d5 2. c4 e6 3. Nc3 Nf6 4. cxd5 exd5 5. Bg5 Be7 6. e3 c6 7. Bd3 Bg4 8.
Nge2 Nbd7 9. O-O Bh5 10. Rb1 O-O 11. f3 Bg6 12. Nf4 Bxd3 13. Nxd3 Re8 14. Kh1
Nb6 15. b3 h6 16. Bh4 a5 17. Qc2 Nfd7 18. Bxe7 Qxe7 19. Rfe1 Qf6 20. Qd2 Re7
21. Nf2 Qg5 22. Nh3 Qh4 23. e4 Rae8 24. Nf2 Nf6 25. g3 Qh5 26. Kg2 dxe4 27.
fxe4 Ng4 28. Nxg4 Qxg4 29. Rf1 Nd5 30. h3 Qh5 31. g4 Qh4 32. Nxd5 Rxe4 33. Nf4
g5 34. Qf2 Qxf2+ 35. Rxf2 gxf4 36. Rbf1 Rxd4 37. Rxf4 Rxf4 38. Rxf4 Re2+ 39.
Kg3 Rxa2 40. Kh4 Ra3 {#R} 0-1

[Event "4th Floripa Masters 2017"]
[Site "masterchessopen.com Florianopolis BRA"]
[Date "2017.01.31"]
[Round "7.1"]
[White "Umetsubo,C"]
[Black "Cubas,Jo"]
[Result "1-0"]
[WhiteElo "2407"]
[BlackElo "2469"]

1. d4 Nf6 2. c4 e6 3. Nc3 d5 4. cxd5 exd5 5. Bg5 c6 6. Qc2 Be7 7. e3 Nbd7 8.
Bd3 O-O 9. Nge2 Re8 10. f3 Nf8 11. O-O Be6 12. Rad1 Bd6 13. Kh1 Ng6 14. e4
dxe4 15. fxe4 Be7 16. Be3 Ng4 17. Bg1 Bg5 18. Rf3 Nh4 19. Rg3 h6 20. e5 f5 21.
h3 h5 22. Rf1 Nh6 23. Nf4 Bxf4 24. Rxf4 Kh8 25. Be3 Bf7 26. Qf2 Re6 27. Rxh4
Qxh4 28. Bg5 Ng4 29. Qf4 Qxg3 30. Qxg3 Rg6 31. Qh4 Rxg5 32. Qxg5 Nf2+ 33. Kh2
Nxd3 34. Qxf5 Bc4 35. b3 Ba6 36. e6 {#r} 1-0

[Event "13th Moscow Open A 2017"]
[Site "masterchessopen.com Moscow RUS"]
[Date "2017.02.03"]
[Round "7.15"]
[White "Goganov,A"]
[Black "Lugovskoy,M"]
[Result "1-0"]
[WhiteElo "2639"]
[BlackElo "2425"]

1. d4 d5 2. c4 e6 3. Nf3 Nf6 4. Nc3 Be7 5. Bf4 O-O 6. e3 b6 7. Be2 Bb7 8. O-O
c5 9. dxc5 Bxc5 10. cxd5 Nxd5 11. Nxd5 Bxd5 12. Qc2 Nd7 13. Ng5 Nf6 14. e4 e5
15. Bxe5 Bb7 16. Bc3 Nd5 17. exd5 Qxg5 18. Bf3 Rad8 19. Rad1 Rfe8 20. Qa4 a5
21. h4 Qg3 22. Qc4 Qd6 23. h5 f6 24. h6 g6 25. Qh4 g5 26. Qh5 Re7 27. Bg4 Kf8
28. Be6 Qf4 29. Qh2 Qxh2+ 30. Kxh2 Bd6+ 31. f4 Ba6 32. Rfe1 gxf4 33. Kh1 Bb4
34. Bxb4 axb4 35. d6 Ree8 36. d7 Re7 37. Rd4 f5 38. Re5 {#r} 1-0

[Event "22nd HIT Open 2017"]
[Site "masterchessopen.com Nova Gorica SLO"]
[Date "2017.01.30"]
[Round "6.12"]
[White "Urh,Zala"]
[Black "Tica,Sven"]
[Result "0-1"]
[WhiteElo "2049"]
[BlackElo "2352"]

1. d4 d5 2. c4 e6 3. Nc3 Nf6 4. Nf3 Be7 5. Bg5 Nbd7 6. e3 h6 7. Bh4 O-O 8. Rc1
dxc4 9. Bxc4 a6 10. a4 c5 11. O-O cxd4 12. Nxd4 Nb6 13. Bd3 Nfd5 14. Bxe7 Nxe7
15. Bb1 Bd7 16. b3 Rc8 17. Qd3 g6 18. Rfd1 Nbd5 19. Nxd5 Nxd5 20. Rxc8 Bxc8
21. Nxe6 Bxe6 22. e4 Bg4 23. Rd2 Qc7 24. Rc2 Qa5 25. exd5 Bf5 26. Qe3 Bxc2 27.
Bxc2 Rc8 28. Bd1 Rc1 29. Qe8+ Kg7 30. Qe2 Kh7 31. Kf1 Qxd5 32. Ke1 Qxb3 33.
Qd2 Qc3 34. Qxc3 Rxc3 35. Kd2 Rc5 36. Be2 Kg7 37. Kd3 Ra5 38. Bd1 Rd5+ 39. Kc2
Rd4 40. Kc1 f5 41. Bb3 Kf6 42. Kc2 Ke5 {#R} 0-1

[Event "PRO League Pacific 2017"]
[Site "masterchessopen.com chess.com INT"]
[Date "2017.02.01"]
[Round "4"]
[White "Toolin,C"]
[Black "Wahl,Jackson B"]
[Result "1-0"]
[WhiteElo "2209"]
[BlackElo "2147"]

1. d4 d5 2. c4 e6 3. Nc3 Be7 4. Nf3 Nf6 5. Bf4 O-O 6. e3 Nbd7 7. Qc2 c6 8. Rd1
a6 9. c5 Nh5 10. Bd3 h6 11. O-O Nxf4 12. exf4 Qc7 13. g3 b6 14. cxb6 Qxb6 15.
Na4 Qc7 16. Rc1 Bb7 17. Rfe1 Rfc8 18. f5 Nf8 19. Nc5 Bxc5 20. Qxc5 exf5 21.
Re7 Qb8 22. Bxf5 Re8 23. Rce1 Rxe7 24. Rxe7 Bc8 25. Re8 Bxf5 26. Qxf8+ {#r}
1-0

[Event "37th TCh-IND 2017"]
[Site "masterchessopen.com Bhopal IND"]
[Date "2017.02.05"]
[Round "6.2"]
[White "Swayams,M"]
[Black "Deshmukh,A"]
[Result "1-0"]
[WhiteElo "2460"]
[BlackElo "2229"]

1. d4 Nf6 2. c4 e6 3. Nc3 d5 4. Nf3 Be7 5. Bf4 O-O 6. e3 c5 7. dxc5 Nc6 8. Qc2
Bxc5 9. Rd1 Re8 10. Be2 e5 11. Bg5 d4 12. O-O h6 13. Bxf6 Qxf6 14. Nd5 Qd8 15.
a3 a5 16. e4 a4 17. Ne1 f5 18. Bh5 Rf8 19. Bg6 Qg5 20. Bxf5 Rxf5 21. exf5 Bxf5
22. Nd3 Bf8 23. f3 h5 24. Qd2 Qg6 25. Rfe1 Re8 26. Kh1 h4 27. Nf2 Qf7 28. Ne4
h3 29. Rg1 Bg6 30. Qg5 Re6 31. Qg3 Qf5 32. Ng5 hxg2+ 33. Rxg2 Bh5 34. Nxe6
Qxe6 35. Rf1 Kf7 36. Qg5 Qg6 37. Qh4 Qh6 38. Qh3 d3 39. Qf5+ Ke8 40. Rg5 g6
41. Qc8+ Kf7 42. Qxb7+ Ne7 43. Rxe5 {#r} 1-0

[Event "TCh-CAT Gp2 2017"]
[Site "masterchessopen.com Barcelona ESP"]
[Date "2017.01.28"]
[Round "2.3"]
[White "Gual Pascual,A"]
[Black "Balague Camps,M"]
[Result "1-0"]
[WhiteElo "2391"]
[BlackElo "2180"]

1. d4 d5 2. Nf3 Nf6 3. c4 e6 4. Nc3 Be7 5. cxd5 exd5 6. Bg5 Nbd7 7. e3 Nf8 8.
Bd3 Ne6 9. Bh4 O-O 10. O-O c6 11. Rb1 a5 12. a3 g6 13. b4 axb4 14. axb4 b5 15.
Ne5 Bd7 16. Ra1 g5 17. Rxa8 Qxa8 18. Bg3 Bxb4 19. Nxd7 Nxd7 20. Bxh7+ Kg7 21.
Ne2 Qa2 22. Bc2 Re8 23. Nc1 Qa1 24. h4 Be7 25. Qf3 Ndf8 26. Qf5 Qb2 27. hxg5
Bxg5 28. Be5+ f6 29. f4 Qc3 30. fxg5 Qxe3+ 31. Kh2 {#r} 1-0

[Event "Portugal Open 2017"]
[Site "masterchessopen.com Lisbon POR"]
[Date "2017.02.05"]
[Round "4.22"]
[White "Maloberti,D"]
[Black "Strugnell,C"]
[Result "0-1"]
[WhiteElo "2113"]
[BlackElo "2255"]

1. d4 Nf6 2. c4 e6 3. Nf3 d5 4. Nc3 Bb4 5. Bg5 h6 6. Bxf6 Qxf6 7. Qb3 Nc6 8.
e3 O-O 9. cxd5 exd5 10. Qxd5 Be6 11. Qb5 a6 12. Qd3 Bf5 13. Qd2 Rad8 14. Be2
Na5 15. O-O c5 16. Qe1 cxd4 17. Nxd4 Be6 18. a3 Be7 19. Nxe6 Qxe6 20. b4 Nb3
21. Rd1 Bf6 22. Rd3 Rxd3 23. Bxd3 Rd8 24. Qe2 Nc1 25. Rxc1 Rxd3 26. Nb1 Bb2
27. Re1 Bxa3 28. Nxa3 Rxa3 29. Rb1 b5 30. Kf1 Ra2 31. Rd1 Kf8 32. Rd7 Rb2 33.
Ra7 Rxb4 34. Rxa6 Rb2 35. Ra7 g6 36. g4 b4 37. Kg2 b3 38. Rb7 Ke8 39. Kf3 Kd8
40. Rxf7 Rc2 41. Rb7 b2 42. h4 Kc8 43. Rb4 Kd7 44. e4 Kd6 45. Ke3 Kc5 46. Rb8
{#R} 0-1

[Event "ch-MDA 2017"]
[Site "masterchessopen.com Chisinau MDA"]
[Date "2017.02.01"]
[Round "5.3"]
[White "Vedmediuc,S"]
[Black "Macovei,Andrei"]
[Result "1-0"]
[WhiteElo "2461"]
[BlackElo "2373"]

1. d4 Nf6 2. Nf3 e6 3. c4 d5 4. Nc3 Bb4 5. g3 O-O 6. Bg2 dxc4 7. O-O Nc6 8.
Bg5 h6 9. Bxf6 Qxf6 10. e3 Rd8 11. Nd2 e5 12. Nd5 Rxd5 13. Bxd5 Bh3 14. dxe5
Nxe5 15. Nxc4 Nxc4 16. Bxc4 Rd8 17. Bxf7+ Kf8 18. Qb3 Qf3 19. Qxb4+ c5 20. Bd5
Rxd5 21. Qf4+ Qxf4 22. exf4 Bxf1 23. Kxf1 Rd2 24. Rb1 b5 25. a3 a5 26. Rc1
Rxb2 27. Rxc5 a4 28. Rc7 Rb3 29. Rb7 Rb2 30. f5 h5 31. Kg2 Rb3 32. Kh3 Rb2 33.
f3 Kg8 34. g4 Rb3 35. Kh4 Rxf3 36. Kxh5 Rh3+ 37. Kg6 Rh6+ 38. Kg5 Rxh2 39.
Rxb5 Rh3 40. Ra5 Rxa3 41. Kg6 {#r} 1-0

[Event "Turkish Cup 2017"]
[Site "masterchessopen.com Antalya TUR"]
[Date "2017.02.02"]
[Round "9.6"]
[White "Aytekin,Murat Eren"]
[Black "Kilic,Efe Mert"]
[Result "0-1"]
[WhiteElo "2023"]
[BlackElo "2202"]

1. d4 Nf6 2. c4 e6 3. Nf3 d5 4. Nc3 Bb4 5. cxd5 exd5 6. Bg5 O-O 7. Qb3 c5 8.
e3 Nbd7 9. Bb5 Qa5 10. Bxd7 Bxd7 11. Bxf6 Ba4 12. Qxd5 Bxc3+ 13. Kf1 Qb5+ 14.
Kg1 Qxb2 15. h4 gxf6 16. Rf1 cxd4 17. exd4 Bc6 {#R} 0-1

[Event "37th TCh-IND 2017"]
[Site "masterchessopen.com Bhopal IND"]
[Date "2017.02.05"]
[Round "5.1"]
[White "Thejkumar,M"]
[Black "Swayams,M"]
[Result "1-0"]
[WhiteElo "2461"]
[BlackElo "2460"]

1. d4 Nf6 2. c4 e6 3. Nf3 d5 4. Nc3 Bb4 5. Qb3 c5 6. dxc5 Nc6 7. Bg5 dxc4 8.
Qxc4 Qa5 9. Bxf6 gxf6 10. Rc1 Qxc5 11. Qh4 Ke7 12. g3 Bxc3+ 13. bxc3 b6 14.
Bg2 Ba6 15. Nd2 Rac8 16. Ne4 Qe5 17. Rd1 Rhd8 18. Rxd8 Rxd8 19. f4 Qf5 20. g4
Qg6 21. Rf1 h5 22. f5 Qxg4 23. Qxf6+ Ke8 24. Rf2 Bc4 25. Ng5 Ne5 26. Bc6+ {#r}
1-0

[Event "PRO League Atlantic 2017"]
[Site "masterchessopen.com chess.com INT"]
[Date "2017.02.01"]
[Round "4"]
[White "Rozman,Levy"]
[Black "Dragun,K"]
[Result "0-1"]
[WhiteElo "2404"]
[BlackElo "2614"]

1. d4 Nf6 2. c4 e6 3. Nf3 d5 4. Nc3 Bb4 5. Bg5 dxc4 6. e4 b5 7. a4 c6 8. Be2
Nbd7 9. Qc2 h6 10. Bh4 Bb7 11. O-O a6 12. Rfd1 Be7 13. e5 Nd5 14. Ne4 O-O 15.
Bxe7 Qxe7 16. Nd6 Rfb8 17. b3 c3 18. a5 b4 19. Ne1 c5 20. Bh5 f5 21. g4 Nf4
22. Bf7+ Kh8 23. Nd3 Nh3+ 24. Kf1 fxg4 25. dxc5 Rf8 26. Nxb7 Qxf7 27. c6 Qf3
28. cxd7 Qxb7 29. Ra4 Qh1+ 30. Ke2 Qxh2 31. Rf1 g3 {#R} 0-1

[Event "Dutch League 2016-17"]
[Site "masterchessopen.com Netherlands NED"]
[Date "2017.02.04"]
[Round "6.3"]
[White "Zwirs,Nico"]
[Black "Vedder,H"]
[Result "1-0"]
[WhiteElo "2368"]
[BlackElo "2374"]

1. Nf3 Nf6 2. c4 e6 3. Nc3 d5 4. d4 c5 5. e3 Nc6 6. a3 a6 7. cxd5 Nxd5 8. Bd3
cxd4 9. exd4 Be7 10. O-O Qc7 11. Qe2 Nxc3 12. bxc3 Na5 13. Bb2 Bd7 14. Ne5 Bf6
15. f4 O-O 16. Nxd7 {#r} 1-0

[Event "PRO League Eastern 2017"]
[Site "masterchessopen.com chess.com INT"]
[Date "2017.02.01"]
[Round "4"]
[White "Tari,A"]
[Black "Yatzenko,A"]
[Result "0-1"]
[WhiteElo "2584"]
[BlackElo "2361"]

1. d4 Nf6 2. c4 e6 3. Nc3 d5 4. Nf3 c5 5. cxd5 cxd4 6. Qxd4 exd5 7. Bg5 Be7 8.
e3 Nc6 9. Qd2 O-O 10. Rd1 Be6 11. Be2 Ne4 12. Nxe4 dxe4 13. Qc3 Bb4 14. Qxb4
Qxd1+ 15. Kxd1 Nxb4 16. Nd4 Rac8 17. f3 Rfe8 18. Bb5 Nc6 19. b3 exf3 20. gxf3
Bd5 21. Bxc6 Bxc6 22. Rg1 Kf8 23. Ke2 f6 24. Bf4 g6 25. h4 Kf7 26. Kf2 Bd7 27.
e4 Rc3 28. Rd1 Bc6 29. Rd2 Rd8 30. Be3 Rc1 31. b4 Ba4 32. Rd3 Rb1 33. a3 Rd1
34. Rxd1 Bxd1 35. Nb5 a6 36. Nc3 Bb3 37. Ne2 Rd1 {#R} 0-1

[Event "PRO League Central 2017"]
[Site "masterchessopen.com chess.com INT"]
[Date "2017.02.01"]
[Round "4"]
[White "Gozzoli,Y"]
[Black "Lapite,Oluwadurotimi"]
[Result "1-0"]
[WhiteElo "2583"]
[BlackElo "2067"]

1. d4 c6 2. c4 d5 3. Nc3 e6 4. Nf3 Nf6 5. g3 Be7 6. Bg2 O-O 7. O-O Nbd7 8. Nd2
e5 9. dxe5 Nxe5 10. cxd5 cxd5 11. Nb3 Bg4 12. h3 Be6 13. Nd4 Rc8 14. Bf4 Nc4
15. Nxe6 fxe6 16. Qb3 Qb6 17. Qxb6 axb6 18. b3 Bb4 19. Rac1 Na5 20. Nb5 Rc6
21. Nd4 Rxc1 22. Rxc1 Re8 23. Nb5 Nc6 24. a3 Be7 25. b4 Kf7 26. Bc7 Nd7 27. e4
Nf6 28. e5 Nd7 29. f4 h5 30. Kf2 g6 31. Bf3 Ra8 32. Rc3 Rc8 33. Ke2 Ra8 34.
Kd3 Rc8 35. Kc2 Ra8 36. Kb3 Rh8 37. h4 Ra8 38. Bd6 Rc8 39. Bg2 Ra8 40. Bh3 Re8
41. Nc7 Bxd6 42. exd6 Ra8 43. Bxe6+ {#r} 1-0

[Event "TCh-LTU 2017"]
[Site "masterchessopen.com Lithuania LTU"]
[Date "2017.01.29"]
[Round "2.3"]
[White "Jegorovas,A"]
[Black "Babrauskas,Darius"]
[Result "1-0"]
[WhiteElo "2282"]
[BlackElo "2013"]

1. d4 d5 2. c4 c6 3. Nf3 Nf6 4. Nc3 e6 5. Bg5 h6 6. Bxf6 Qxf6 7. g3 Nd7 8. Bg2
dxc4 9. O-O Be7 10. Ne4 Qf5 11. Ned2 e5 12. e4 Qf6 13. Nxc4 exd4 14. e5 Qe6
15. Rc1 c5 16. b4 O-O 17. bxc5 Nxc5 18. Nxd4 Qa6 19. Ne3 Be6 20. Nef5 Bxf5 21.
Nxf5 Qe6 22. Qc2 Rac8 23. Bd5 Qd7 24. Nxh6+ gxh6 25. Qg6+ Kh8 26. Qxh6+ Kg8
27. Qg6+ Kh8 28. Qh5+ Kg7 29. Rc4 Ne6 30. Bxe6 Qxe6 31. Rg4+ Qg6 32. Rxg6+
fxg6 33. Qg4 Rf5 34. Qe4 Rc7 35. f4 Bc5+ 36. Kg2 Rd7 37. g4 Rf8 38. f5 Rh8 39.
f6+ Kf8 40. Qc2 b6 41. e6 Rd4 42. e7+ Kf7 43. Qb3+ Ke8 44. Qg8+ Rxg8 45. f7+
{#r} 1-0

[Event "Gibraltar Masters 2017"]
[Site "masterchessopen.com Caleta ENG"]
[Date "2017.01.31"]
[Round "8.81"]
[White "Mueller Dehn,C"]
[Black "Nomin-Erdene,Davaademberel"]
[Result "0-1"]
[WhiteElo "2170"]
[BlackElo "2378"]

1. c4 c6 2. Nf3 d5 3. e3 Nf6 4. Nc3 e6 5. d4 Nbd7 6. b3 Bd6 7. Be2 b6 8. O-O
O-O 9. Bb2 Bb7 10. Bd3 Rc8 11. Rc1 Qe7 12. Re1 c5 13. Qe2 cxd4 14. exd4 Rfd8
15. Ne5 Nf8 16. Nb5 Bb8 17. Ba3 Qe8 18. c5 bxc5 19. Bxc5 a6 20. Na3 Ne4 21. b4
Bxe5 22. dxe5 Nxc5 23. Rxc5 Rxc5 24. bxc5 Qa4 25. Qb2 Bc6 26. Qb6 Qxa3 27.
Bxh7+ Kxh7 28. Qxd8 Qxc5 29. h4 Bb5 30. Qg5 Qb4 31. Re3 Qb1+ 32. Kh2 Qf5 33.
Qe7 Ng6 34. Qc7 d4 35. Rg3 Nxe5 36. f3 Qf4 37. Qd8 d3 38. Qf8 Ng6 {#R} 0-1